| 000 | 00410nam a22001337a 4500 | ||
|---|---|---|---|
| 008 | 230317b |||||||| |||| 00| 0 eng d | ||
| 020 | _a978-8120352759 | ||
| 050 |
_aHG4135 _b.G87 2017 |
||
| 100 | _aGupta, Ambrish | ||
| 245 |
_aProject appraisal and financing / _cAmbrish Gupta |
||
| 260 |
_aNew Delhi _bPHI learning private limited _c2017 |
||
| 300 |
_axxxiv, 586p. _bIncludes ill. and index |
||
| 942 |
_2lcc _cBK |
||
| 999 |
_c20076 _d20075 |
||